Sports Quiz

Random Sports or Football Quiz

NFL Top QB by Passer Rating per Year Quiz Stats

 Plays Quiz Updated Jan 2, 2019

Challenge
Share
Tweet
Embed
Score 0/79 Timer 12:00
22 Plays Today
Year QB % Correct
2018Drew Brees
98.6%
2010Tom Brady
98.2%
2007Tom Brady
98.2%
2006Peyton Manning
98%
2005Peyton Manning
98%
2004Peyton Manning
98%
2012Aaron Rodgers
97.3%
2011Aaron Rodgers
97.3%
2014Tony Romo
97%
2015Russell Wilson
96.9%
2016Matt Ryan
96.3%
2009Drew Brees
95.5%
2017Alex Smith
93.6%
2008Philip Rivers
93.5%
1989Joe Montana
91.3%
1987Joe Montana
91.3%
1997Steve Young
90.6%
1996Steve Young
90.6%
1994Steve Young
90.6%
1993Steve Young
90.6%
1992Steve Young
90.6%
1991Steve Young
90.6%
2001Kurt Warner
87%
1999Kurt Warner
87%
1984Dan Marino
82.2%
2003Steve McNair
78%
2013Nick Foles
77.9%
1990Jim Kelly
77.8%
1979Roger Staubach
72.5%
1978Roger Staubach
72.5%
1973Roger Staubach
72.5%
1971Roger Staubach
72.5%
1966Bart Starr
72.3%
1964Bart Starr
72.3%
1988Boomer Esiason
66.2%
1965Johnny Unitas
64.9%
1958Johnny Unitas
64.9%
1957Johnny Unitas
64.9%
2002Chad Pennington
63.5%
1998Randall Cunningham
60.1%
Year QB % Correct
1977Bob Griese
57.8%
2000Brian Griese
57.8%
1976Ken Stabler
53.9%
1982Ken Anderson
47.6%
1981Ken Anderson
47.6%
1975Ken Anderson
47.6%
1974Ken Anderson
47.6%
1995Jim Harbaugh
47.4%
1947Otto Graham
46.8%
1968Len Dawson
43.9%
1962Len Dawson
43.9%
1960Milt Plum
43.5%
1946Otto Graham
42.9%
1963Y.A. Tittle
42%
1949Otto Graham
40.1%
1955Otto Graham
39.5%
1953Otto Graham
39.5%
1985Ken O'Brien
33.7%
1945Sammy Baugh
32.1%
1940Sammy Baugh
32.1%
1980Brian Sipe
29%
1967Sonny Jurgensen
27.1%
1952Norm Van Brocklin
26%
1950Norm Van Brocklin
26%
1983Steve Bartkowski
23%
1986Tommy Kramer
21.8%
1972Earl Morrall
21.1%
1943Sid Luckman
20.6%
1970John Brodie
18.9%
1956Ed Brown
11.9%
1951Bob Waterfield
8.6%
1959Charlie Conerly
5.6%
1969Greg Cook
5.5%
1961Billy Wade
5.4%
1948Frankie Albert
5.4%
1942Cecil Isbell
2.2%
1941Cecil Isbell
2.2%
1954Adrian Burk
1.4%
1944Frank Filchock
1.4%

You're not logged in!

Compare scores with friends on all Sporcle quizzes.
OR
Log In

You Might Also Like...

Show Comments

Extras

Top Quizzes Today


Score Distribution

Your Account Isn't Verified!

In order to create a playlist on Sporcle, you need to verify the email address you used during registration. Go to your Sporcle Settings to finish the process.

Report this User

Report this user for behavior that violates our Community Guidelines.

Details: